Crayon Shin-chan Quiz - Statistics

General Stats
  • This quiz has been taken 293 times
  • The average score is 16 of 40
Answer Stats
Hint Answer % Correct
Who is the main character? Shin-chan
100%
What is his family name? Nohara
81%
How old is the main character? 5
78%
What is his younger sister name? Himawari
77%
What is the name of the white dog adopted by him? Shiro
76%
How old is his mother? 29
70%
What is the name of his friend who is less likely to talk and always has a trail of mucus on his face? Bo-chan
67%
How old is his father? 35
66%
Which city does he live? Kasukabe
66%
What is the name of his friend who is a quite rich boy? Kazama-kun
66%
What is his father's name? Hiroshi
65%
What is the name of his friend who always cry easily? Masao-kun
59%
What is the name of his classroom? Sunflower Class
59%
What is his mother name? Misae
53%
What is his teacher's name? Yoshinaga Midori
52%
Which TV show character he love the most? Action Kamen
51%
Which classroom does his teacher's rival teach? Rose Class
51%
What is the name of his friend who is a girl and sits beside him in the class? Nene-chan
45%
What is his first name? Shinnosuke
43%
What is the name of his new-coming friend who falls in love with him and is always shown up with bodyguards? Ai-chan
39%
Which kindergarten where he study? Futaba Kindergarten
32%
What is favorite snack? Choco Bee
31%
Which prefecture does he live? Saitama
27%
Who is a new teacher? Ageo Masumi
25%
Which food he hate the most? Sweet Peppers
25%
What is his imaginary pig comic character? Buriburizaemon
19%
Who is his teacher's rival? Matsusaka Ume
19%
Which prefecture was his father born? Akita
18%
Who is a girl who always show up in the TV show above? Sakura Mimiko
17%
Which part of his body does he often "show" in the public? Bottom
13%
Who is his mother's best friend since she was in high school? Honda Keiko
12%
What is the name of new classroom? Tulip Class
11%
Which prefecture was his mother born? Kumamoto
9%
What is the name of his school principal who looks like mafia gang leader? Takakura Bunta
9%
Who is the author of this manga? Yoshito Usui
7%
What is the name of "head drilling" action to punish use mostly by his mother? Guri-guri
6%
What is another favorite character which he had a toy? Kantam Robo
6%
How is the Japanese name of this manga written in romaji? Kureyon Shin-chan
6%
What is romanized Japanese name of theme song whose name means "I'm such a popular kid" in English? Ora wa Ninki Mono
2%
What is the name of his mother's punishing weapon which produce lumps on head and often appear with flashy Japanese letters? Genkotsu
1%
No matching quizzes found
Score Distribution
Percent of People with Each Score
Percentile by Number Answered
Your Score History
You have not taken this quiz